Statistics for Speed Racer Franchise

Click here to take the quiz!

General Stats

  • This quiz has been taken 7 times
  • The average score is 7 of 13

Answer Stats

TypeYearNameInfo% Correct
Manga Series1966-1968Speed RacerShueisha / Sun Wide Comics / Fusosha
100%
Anime Series1967-1968Speed RacerFuji TV
100%
Video Game1995Speed RacerNamco
100%
Video Game1996Speed RacerJaleco / Tomy
100%
Manga Mini-Series1997Speed RacerShogakukan
100%
Film2008Speed RacerWarner Bros.
100%
Video Game2008Speed Racer: The VideogameWarner Bros. Games / GluMobile
100%
TV Show2008-2013Speed Racer: The Next GenerationNicktoons
20%
Anime Series1997Speed Racer XTV Tokyo
20%
Video Game1994Speed Racer in My Most Dangerous AdventuresAccolade
0%
Video Game1992Speed Racer in The Challenge of Racer XAccolade
0%
Film2016Speed Racer: Race to the FutureCinedigm
0%
TV Show1993The New Adventures of Speed RacerSyndication
0%

Score Distribution

Percentile by Number Answered

Percent of People with Each Score

Your Score History

You have not taken this quiz